Statistics for Monarchies removed since 1900

Click here to take the quiz!

General Stats

  • This quiz has been taken 36 times
  • The average score is 20 of 30

Answer Stats

HintAnswer% Correct
1918Austria
93%
1974Greece
90%
1947Romania
90%
1917Russian Empire
90%
1946Hungary
86%
1979Iran
86%
1958Iraq
86%
1946Bulgaria
83%
1911China
83%
1923Ottoman Empire
83%
1910Portugal
83%
1945Vietnam
79%
1945Yugoslavia
76%
1953Egypt
72%
1946Italy
72%
1946Albania
66%
1975Laos
66%
1931Spain
66%
1973Afghanistan
62%
1970Cambodia
62%
1969Libya
62%
1975Ethiopia
55%
2008Nepal
55%
1957Tunisia
55%
1962Yemen
48%
1979Central African Empire
45%
2007Samoa
34%
1966Burundi
21%
1968Maldives
17%
1964Zanzibar
14%

Score Distribution

Percentile by Number Answered

Percent of People with Each Score

Your Score History

You have not taken this quiz